Líderes de Europa (2025) - Estadísticas

Estadísticas generales
  • Esta prueba ha sido intentada 73 veces
  • La puntuación promedio es 13 de 49
Estadísticas de respuestas
País Forma de Gobierno Cargo Líder % Correcto
España Monarquía Constitucional Parlamentaria Presidente del Gobierno Pedro Sánchez
100%
Francia República Semipresidencialista Presidente Emmanuel Macron
90%
Italia República Parlamentaria Presidenta del Consejo de Ministros Giorgia Meloni
88%
Rusia República Federal Democrática Semipresidencialista Presidente Vladímir Putin
86%
Vaticano Monarquía Electiva y Absoluta Papa Francisco
69%
Hungría República Parlamentaria Primer ministro Viktor Orbán
69%
Turquía República Presidencialista Presidente Recep Tayyip Erdoğan
67%
Ucrania República Semipresidencialista Presidente Volodímir Zelenski
67%
Alemania República Federal Parlamentaria Canciller Olaf Scholz
66%
Reino Unido Monarquía Constitucional Parlamentaria Primer ministro Keir Starmer
57%
Bielorrusia República Presidencialista Presidente Aleksandr Lukashenko
47%
Portugal República Parlamentaria Primer ministro Luís Montenegro
36%
Polonia República Parlamentaria Primer ministro Donald Tusk
33%
Eslovaquia República Parlamentaria Primer Ministro Robert Fico
31%
Dinamarca Monarquía Constitucional Parlamentaria Primer Ministro Mette Frederiksen
29%
Albania República Parlamentaria Primer Ministro Edi Rama
22%
Grecia República Parlamentaria Primer ministro Kyriakos Mitsotakis
21%
Eslovenia República Parlamentaria Primer Ministro Robert Golob
17%
Azerbaiyán República Presidencialista Presidente Ilham Aliyev
16%
Serbia República Parlamentaria Presidente Aleksandar Vučić
14%
Bélgica Monarquía Constitucional Parlamentaria Primer Ministro Bart De Wever
14%
Bosnia y Herzegovina República Federal Parlamentaria Presidenta del Consejo de Ministros Borjana Krišto
14%
Chipre República Presidencialista Presidente Níkos Christodoulídis
14%
República Checa República Parlamentaria Primer ministro Petr Fiala
14%
Países Bajos Monarquía Constitucional Parlamentaria Primer ministro Dick Schoof
12%
Austria República Federal Parlamentaria Canciller Alexander Schallenberg
10%
Irlanda República Parlamentaria Primer ministro Micheál Martin
10%
Croacia República Parlamentaria Primer Ministro Andrej Plenković
9%
San Marino República Parlamentaria Capitanes Regentes Dalibor Riccardi y Francesca Civerchia
9%
Lituania República parlamentaria Primer ministro Gintautas Paluckas
9%
Noruega Monarquía Constitucional Parlamentaria Primer ministro Jonas Gahr Støre
9%
Islandia República Parlamentaria Primer ministra Kristrún Frostadóttir
9%
Rumania República Semipresidencialista Primer ministro Marcel Ciolacu
9%
Armenia República Parlamentaria Primer Ministro Nikol Pashinyan
9%
Finlandia República Parlamentaria Primer ministro Petteri Orpo
9%
Malta República Parlamentaria Primer ministro Robert Abela
9%
Bulgaria República Parlamentaria Primer Ministro Rosen Zhelyazkov
9%
Suecia Monarquía Constitucional Parlamentaria Primer ministro Ulf Kristersson
9%
Andorra Principado Parlamentario Presidente del Gobierno Xavier Espot Zamora
9%
Letonia República Parlamentaria Primer ministra: Evika Siliņa
7%
Macedonia del Norte República Parlamentaria Primer ministro Hristijan Mickoski
7%
Mónaco Monarquía Constitucional Parlamentaria Ministra de Estado Isabelle Berro-Amadeï
7%
Suiza República Federal Semirepresentativa Parlamentaria Presidenta (Consejo Federal) Karin Keller-Sutter
7%
Estonia República Parlamentaria Primer ministro Kristen Michal
7%
Luxemburgo Monarquía Constitucional Parlamentaria Primer ministro Luc Frieden
7%
Georgia República Semipresidencialista Presidente Míjeil Kavelashvili
7%
Montenegro República Parlamentaria Primer ministro Milojko Spajić
7%
Liechtenstein Monarquía Constitucional Parlamentaria Primer ministro Daniel Risch
5%
Moldavia República Parlamentaria Primer ministro Dorin Recean
5%
No se encontraron pruebas coincidentes
Distribución de puntuación
Porcentaje de gente con cada puntuación
Porcentaje por número respondido
Historial de tus puntuaciones
No has intentado esta prueba.